003050000a22001090004500090001700000245006500017041001400082100003200096942001300128773003700141999001700178 aASbSeriadas10aOrganización de una colonia de Haemagogus equinus theobald0 aEspañol1 aOsorno Mesa, Ernesto999162 cARTICULO1 tCaldasia345h11q39-45d1944g3 c14765d14765